00749 2200241 4500001002100000005001700021008004100038020002200079035002500101040001200126082001100138084002100149090002100170100002800191245013000219250001100349260002700360300003500387500002700422650001800449700002800467850001200495INLIS00000000000208520150306134316.0  a978-979-29-3879-1 a0010-021500000000352 aYOPDYOG a649.12 aDEP 649.12 Jun B aDEP 649.12 Jun B aJUNI DWI RIYANTI, 1983- aBack to nature : Mendidik dan mengasuh anak sejak lahir hingga usia sekolahc/ Juni Dwi Riyanti ; editor, Dhewiberta Hardjono aCet. 1 aYogyakartabAndic2013 ax, 142 hlm.b: ilus.c; 19 cm. aBibliografi : hlm. 142 aMengasuh Anak aII. Dewibertha Hardjono aYOPDYOG